000 00453nam a22001817a 4500
005 20240902122813.0
008 31b |||||||| |||| 00| 0 eng d
020 _a2408978-81-905957-9-7
041 _aeng
082 _a615.19 SHA
100 _aSHARMA, P.P
_98481
245 _aHOW TO PRACTICE GMPs
250 _a7th ed. 2020.
260 _aDELHI
_bVANDANA PUBLICATION
_c2015
300 _a780;p
650 _aPHARMACY
_xM.PHARMA
_98499
942 _cBK
999 _c8610
_d8608